Mniejszosci narodowe na Bialorusi - Statystyki

Ogólne statystyki
  • Ten quiz został rozwiązany 105 razy
  • Średni wynik to 6 z 10
Statystyki odpowiedzi
Odpowiedź Liczba Ludnosci % Poprawnych
Polacy 294 tys
99%
Litwini 5 tys
98%
Ukraińcy 158 tys
98%
Rosjanie 785 tys
97%
Żydzi 12,9 tys
56%
Tatarzy 7,3 tys
51%
Romowie 7 tys
42%
Ormianie 8,5 tys
41%
Mołdawianie 3,4 tys
28%
Azerowie 5,5 tys
19%
Nie znaleziono quizów pasujących do podanych kryteriów
Rozkład punktacji
Procent ludzi z każdym wynikiem
Percentyl według liczby udzielonych odpowiedzi
Twoja historia wyników
Nie rozwiązałeś tego quizu